Kluby Liga Portugal 25/26 - Statystyki

Ogólne statystyki
  • Ten quiz został rozwiązany 27 razy
  • Średni wynik to 7 z 18
Statystyki odpowiedzi
Klub % Poprawnych
Benfica
100%
Sporting
100%
Porto
96%
Braga
84%
Rio Ave
60%
Santa Clara
44%
Casa Pia
40%
Guimaraes
36%
Arouca
32%
Tondela
28%
Nacional
24%
Estrela
16%
Moreirense
16%
AFS
12%
Estoril
12%
Famalicao
12%
Gil Vicente
12%
Alverca
0%
Nie znaleziono quizów pasujących do podanych kryteriów
Rozkład punktacji
Procent ludzi z każdym wynikiem
Percentyl według liczby udzielonych odpowiedzi
Twoja historia wyników
Nie rozwiązałeś tego quizu